Teorie slévání /

Salvato in:
Dettagli Bibliografici
Autori principali: Plachý, Jan (Autore), Němec, Milan (Autore), Bednář, Bohumír (Autore)
Natura: Libro
Lingua:ceco
Pubblicazione: Praha : České vysoké učení technické v Praze, 1986
Edizione:1.vyd.
Soggetti:
Tags: Aggiungi Tag
Nessun Tag, puoi essere il primo ad aggiungerne!!

MARC

LEADER 00000nam a22000003a 4500
001 stu45819
005 20150617225715.3
008 970411s1986----cs------------------cze-d
040 |a STU  |b slo 
041 0 |a cze 
044 |a cs 
080 |a 621.74(075.8) 
100 1 |a Plachý, Jan  |4 aut 
245 1 |a Teorie slévání /  |c [aut.]Jan Plachý, Milan Němec, Bohumír Bednář 
250 |a 1.vyd. 
260 |a Praha :  |b České vysoké učení technické v Praze,  |c 1986 
300 |a 108 s 
650 7 |a zlievanie  |2 stusub 
700 1 |a Němec, Milan  |4 aut 
700 1 |a Bednář, Bohumír  |4 aut 
996 |b 284M001686  |c M*S-872-1  |l MMKN  |s A  |a 24  |w stu45819_0001